Normal view
MARC view
Entry Personal Name
001 - CONTROL NUMBER
- control field: 31877
003 - CONTROL NUMBER IDENTIFIER
- control field: OSt
005 - DATE AND TIME OF LATEST TRANSACTION
- control field: 20220713155457.0
008 - FIXED-LENGTH DATA ELEMENTS
- fixed length control field: 220713|| aca||aabn | a|a d
040 ## - CATALOGING SOURCE
- Original cataloging agency: OSt
- Transcribing agency: OSt
100 ## - HEADING--PERSONAL NAME
- Personal name: Dahiya, Aditya
670 ## - SOURCE DATA FOUND
- Source citation: Work cat.: (OSt)518984: Dahiya, Aditya , Towards universal health coverage through financing and information systems in primary health care
